Una mirada a la robt̤ica desde los derechos humanos

Detalles Bibliográficos
Autor principal: de Ass̕, Rafael
Formato: Libro
Lenguaje:español
Publicado: Madrid Dykinson 2015
Materias:
Acceso en línea:Acceso restringido

MARC

LEADER 00000nam a22000007a 4500
005 20151202121121.0
007 cr|||| ||u|
008 151202s2015 sp ||||| |||| 00| 0 spa d
020 |a 978-84-9085-271-2 
035 |a 12940 
040 |a vLex 
090 |c 5699  |d 5699 
100 1 |a de Ass̕, Rafael  
245 1 0 |a Una mirada a la robt̤ica desde los derechos humanos   |h [Recurso electrn̤ico] /  |c Rafael de Ass̕ 
256 |a Servicio en ln̕ea 
260 |a Madrid  |b Dykinson  |c 2015 
300 |a 1 recurso electrn̤ico 
500 |a El trabajo se inicia situando a la robt̤ica en el marco de las denominadas tecnologa̕s emergentes, destacando el significado de estas y los problemas que nos plantean. Contino︢ seąlando los referentes ťicos desde los que se examina el desarrollo de estas tecnologa̕s apostando por el enfoque de los derechos humanos. Eso s,̕ por un enfoque de los derechos crt̕ico y abierto a la evolucin̤ tecnolg̤ica. A partir de ah,̕ me centro en seąlar los problemas que singularizan a la robt̤ica respecto al resto de tecnologa̕s. 
506 1 |a Contenido solo disponible en los productos indicados  |d vLex Global  |d vLex Global (Academic Edition, excluding Law Schools)  |d vLex Global (U.S. Academic Edition, Law Schools)  |d vLex Global (U.S. Academic Edition, excluding Law Schools)  |d vLex Global (Academic Edition, Law Schools) 
650 0 4 |a Robt̤ica  |z Espaą 
740 0 |a vLex libros (servicio en ln̕ea) 
856 4 0 |u http://vlex.com/source/una-mirada-a-la-robotica-desde-los-derechos-humanos-12940  |z Acceso restringido 
942 |c BOOK 
999 0 |a Robotics